Význam simulačného laboratória vo výučbe manažmentu verejnej správy
Charakteristika dynamického systému samoriadiaceho a jeho skúmanie pomocou metódy dynamického modelovania a simulovania, ktorá je aplikovaná na typový sociálno-ekonomický systém, na správanie sa trhu. analýza a na grafoch dokumentovanie vplyvu oneskorenia v nadväzných okruhoch spätnej väzby na stabi...
Saved in:
| Main Author: | |
|---|---|
| Format: | Book Chapter |
| Language: | Slovak |
| Subjects: | |
| Tags: |
No Tags, Be the first to tag this record!
|
MARC
| LEADER | 00000naa$a2200000$$$4500 | ||
|---|---|---|---|
| 001 | 0085967 | ||
| 005 | 20221107073729.2 | ||
| 041 | 0 | |a slo | |
| 044 | |a SK | ||
| 245 | 1 | 0 | |a Význam simulačného laboratória vo výučbe manažmentu verejnej správy |c Ignác Prno |
| 520 | |a Charakteristika dynamického systému samoriadiaceho a jeho skúmanie pomocou metódy dynamického modelovania a simulovania, ktorá je aplikovaná na typový sociálno-ekonomický systém, na správanie sa trhu. analýza a na grafoch dokumentovanie vplyvu oneskorenia v nadväzných okruhoch spätnej väzby na stabilitu celého systému. Ďalšie možnosti využitia tejto metódy na skúmanie zložitých systémov vo výučbe. | ||
| 610 | 2 | 0 | |a vyučovanie |
| 610 | 2 | 0 | |a manažment |
| 610 | 2 | 0 | |a správa verejná |
| 610 | 2 | 0 | |a modelovanie |
| 100 | 1 | |a Prno, Ignác | |